[Event "New York Marshall op 04"]
[Site "New York"]
[Date "2024.04.13"]
[Round "1"]
[White "Huston, Gus"]
[Black "Das, Aditeya"]
[Result "1-0"]
[WhiteElo "2401"]
[BlackElo "1887"]
[PlyCount "75"]
[EventDate "2024.04.13"]
[EventType "swiss"]
[EventRounds "5"]
[EventCountry "USA"]
[SourceTitle "CB18_2024"]
[SourceDate "2024.05.01"]
[SourceVersion "1"]
[SourceVersionDate "2024.05.01"]
[SourceQuality "2"]

1. d4 d5 2. c4 c6 3. Nf3 Nf6 4. Nc3 dxc4 5. a4 Bf5 6. e3 e6 7. Bxc4 Nbd7 8. 0-0 Nb6 9. Bd3 a5 10. e4 Bg4 11. Be3 Bb4 12. h3 Bh5 13. Qe2 0-0 14. Rfd1 Nfd7 15. g4 Bg6 16. Ne5 Qh4 17. Kg2 f5 18. Nxg6 hxg6 19. f3 Rae8 20. e5 Nd5 21. Nxd5 exd5 22. f4 Rf7 23. Qf2 Qxf2+ 24. Kxf2 Nf8 25. h4 fxg4 26. Kg3 Rc7 27. Rac1 Rec8 28. Be2 b6 29. Bxg4 Rd8 30. Bf3 Kf7 31. Rc2 Ke6 32. Rf1 Kf7 33. h5 gxh5 34. f5 g6 35. fxg6+ Kxg6 36. Bxh5+ Kxh5 37. Rf6 Rg7+ 38. Kf3 1-0

[Event "New York 1000 GM Spring GM-A"]
[Site "New York"]
[Date "2024.03.29"]
[Round "5"]
[White "Huston, Gus"]
[Black "Ostrovskiy, Aleksandr A"]
[Result "1-0"]
[WhiteElo "2401"]
[BlackElo "2411"]
[PlyCount "113"]
[EventDate "2024.03.27"]
[EventType "tourn"]
[EventRounds "9"]
[EventCountry "USA"]
[EventCategory "8"]
[SourceTitle "CB14_2024"]
[SourceDate "2024.04.01"]
[SourceVersion "1"]
[SourceVersionDate "2024.04.01"]
[SourceQuality "1"]

1. d4 d5 2. c4 e6 3. Nc3 Nf6 4. cxd5 exd5 5. Bg5 c6 6. e3 h6 7. Bh4 Be7 8. Bd3 0-0 9. Nge2 Ne4 10. Bxe7 Qxe7 11. Bxe4 dxe4 12. Qc2 Bf5 13. a3 Nd7 14. 0-0 Bh7 15. b4 Rac8 16. Rfc1 Kh8 17. Qa4 a6 18. Qa5 f5 19. Na4 Nf6 20. Qc5 Qf7 21. Nb6 Rcd8 22. a4 Nd5 23. Nxd5 Rxd5 24. Qc4 Qd7 25. Rab1 Bg8 26. Qc2 Rd6 27. h3 b5 28. axb5 axb5 29. Ra1 Bc4 30. Ra6 Rdf6 31. Nf4 Qe8 32. Qd1 Bf7 33. d5 Bxd5 34. Nxd5 cxd5 35. Rxf6 Rxf6 36. Qxd5 Kh7 37. g3 Qh5 38. Rc8 Rf7 39. h4 Qg6 40. Qxb5 Qd6 41. Qe8 Qd1+ 42. Kh2 Qe2 43. Qg8+ Kg6 44. Rc6+ Rf6 45. Rxf6+ Kxf6 46. Qf8+ Kg6 47. Qd6+ Kh5 48. Qf4 g6 49. Kg2 Qc4 50. Qe5 Qe2 51. Qa1 Kg4 52. Qf1 Qc2 53. b5 f4 54. gxf4 Qb3 55. h5 gxh5 56. Qh1 Qxb5 57. Qh3# 1-0

[Event "New York Marshall Labor Day GM"]
[Site "New York"]
[Date "2023.09.04"]
[Round "9"]
[White "Paragua, Mark"]
[Black "Huston, Gus"]
[Result "1-0"]
[WhiteElo "2433"]
[BlackElo "2439"]
[PlyCount "91"]
[EventDate "2023.08.31"]
[EventType "tourn"]
[EventRounds "9"]
[EventCountry "USA"]
[EventCategory "6"]
[SourceTitle "EXT 2024"]
[Source "ChessBase"]
[SourceDate "2023.10.10"]
[SourceVersion "1"]
[SourceVersionDate "2023.10.10"]
[SourceQuality "1"]

1. d4 Nf6 2. c4 e6 3. g3 d5 4. Bg2 Bb4+ 5. Bd2 Be7 6. Nf3 c6 7. Qc2 Nbd7 8. 0-0 0-0 9. Bf4 b6 10. Rd1 h6 11. Ne5 Nxe5 12. dxe5 Nd7 13. cxd5 cxd5 14. e4 d4 15. Rxd4 Bc5 16. Rd1 g5 17. Bc1 Qe7 18. Nd2 Nxe5 19. Nb3 Ba6 20. Nxc5 Qxc5 21. Qxc5 bxc5 22. f4 Nd3 23. fxg5 hxg5 24. Bxg5 Nxb2 25. Rd6 Bb5 26. Bf6 Nc4 27. Rd3 Nb6 28. Rf3 Nd7 29. Bc3 Rab8 30. Rf4 f6 31. Bh3 Kf7 32. e5 f5 33. g4 Rh8 34. Bg2 Rbg8 35. Rb1 Ba6 36. Ra4 Bc8 37. gxf5 Rh3 38. Rb3 exf5 39. Rxa7 c4 40. Rba3 Rh4 41. Kh1 Ke6 42. R3a6+ Bxa6 43. Rxa6+ Ke7 44. Bb4+ Kd8 45. Ra8+ Kc7 46. Ba5+ 1-0

[Event "New York Marshall Labor Day GM"]
[Site "New York"]
[Date "2023.09.02"]
[Round "5"]
[White "Huston, Gus"]
[Black "Ilhomzoda, I."]
[Result "1/2-1/2"]
[WhiteElo "2439"]
[BlackElo "2269"]
[PlyCount "188"]
[EventDate "2023.08.31"]
[EventType "tourn"]
[EventRounds "9"]
[EventCountry "USA"]
[EventCategory "6"]
[SourceTitle "EXT 2024"]
[Source "ChessBase"]
[SourceDate "2023.10.10"]
[SourceVersion "1"]
[SourceVersionDate "2023.10.10"]
[SourceQuality "1"]

1. d4 d5 2. c4 Nc6 3. cxd5 Qxd5 4. e3 e5 5. Nc3 Bb4 6. a3 Bxc3+ 7. bxc3 Nge7 8. Nf3 0-0 9. Be2 b6 10. 0-0 Ng6 11. Qc2 Re8 12. Bb2 e4 13. c4 Qf5 14. Nd2 Nh4 15. g3 Ng6 16. f3 exf3 17. Qxf5 Bxf5 18. Bxf3 Bd7 19. e4 f6 20. Rfe1 Rad8 21. Rad1 Nxd4 22. Bxd4 Ba4 23. Nb1 Bxd1 24. Rxd1 c5 25. Bc3 Rxd1+ 26. Bxd1 Rxe4 27. Bf3 Re7 28. Kf2 Ne5 29. Be2 Nf7 30. Bd2 Nd6 31. Nc3 Ne4+ 32. Nxe4 Rxe4 33. Bf3 Re8 34. a4 g6 35. Be3 Kg7 36. Ke2 h5 37. Kd3 a5 38. Bf4 Re7 39. h4 Rd7+ 40. Bd5 g5 41. hxg5 fxg5 42. Bxg5 Kg6 43. Bh4 Kf5 44. Ke3 Rg7 45. Kf3 Ke5 46. Bd8 Rg6 47. Bc7+ Kd4 48. Kf4 Kc3 49. Kf5 Rg4 50. Bf7 Kb4 51. Bf4 Kxa4 52. Bxh5 Rg8 53. Bf7 Rf8 54. Kf6 Kb4 55. g4 a4 56. g5 a3 57. g6 a2 58. Be5 Rd8 59. g7 Rd4 60. g8Q a1Q 61. Qb8 Qa6 62. Bxd4 cxd4 63. Ke5 Kc3 64. Qd6 d3 65. Qd4+ Kc2 66. Bg6 Qa5+ 67. Kd6 Qc3 68. Qe4 Qb4+ 69. Kc6 Qc5+ 70. Kb7 Qd6 71. Qc6 Qxc6+ 72. Kxc6 Kc3 73. Kb5 d2 74. Bh5 Kb3 75. Bd1+ Kc3 76. Ba4 Kd3 77. Kb4 Kd4 78. Bc2 Ke3 79. Bd1 Kd4 80. Bg4 Kd3 81. Bf3 Kd4 82. Bh5 Kd3 83. Kb3 Kd4 84. Be2 Ke3 85. Bd1 Kd4 86. Kb4 Kd3 87. Bb3 Kd4 88. Kb5 Kc3 89. Ba4 Kd4 90. Bd1 Kd3 91. Bf3 Kc3 92. Be2 Kb3 93. Kxb6 d1Q 94. Bxd1+ Kxc4 1/2-1/2

[Event "Charlotte Super op"]
[Site "Charlotte"]
[Date "2023.07.13"]
[Round "9"]
[White "Salinas Herrera, Pablo Patricio"]
[Black "Huston, Gus"]
[Result "1/2-1/2"]
[WhiteElo "2468"]
[BlackElo "2341"]
[PlyCount "117"]
[EventDate "2023.07.09"]
[EventType "swiss"]
[EventRounds "9"]
[EventCountry "USA"]
[SourceTitle "CBM 215 Extra"]
[Source "ChessBase"]
[SourceDate "2023.09.30"]
[SourceVersion "1"]
[SourceVersionDate "2023.09.30"]
[SourceQuality "1"]

1. e4 c5 2. Nf3 d6 3. Bb5+ Bd7 4. Bxd7+ Nxd7 5. c3 Ngf6 6. Qe2 e6 7. d4 Be7 8. e5 dxe5 9. dxe5 Nd5 10. c4 Nb4 11. 0-0 0-0 12. Nc3 a6 13. Bf4 Qc7 14. Rad1 Rfd8 15. h4 Nf8 16. h5 Rxd1 17. Rxd1 Rd8 18. Rxd8 Qxd8 19. Qe4 Nd3 20. Bg3 Nxb2 21. Qxb7 Nxc4 22. Ne4 Qd1+ 23. Kh2 Qd7 24. Qxa6 Qd5 25. Nc3 Qd3 26. Qb7 Nd2 27. Nxd2 Qxd2 28. Qxe7 Qxc3 29. h6 Qc4 30. Qg5 Ng6 31. Qd8+ Nf8 32. hxg7 Kxg7 33. Qf6+ Kg8 34. Bf4 Nd7 35. Qd8+ Kg7 36. Qh4 Kh8 37. g3 Qxa2 38. Be3 f6 39. exf6 e5 40. g4 Qf7 41. g5 c4 42. Qe4 h6 43. Qh4 c3 44. Qxh6+ Qh7 45. f7 Qxh6+ 46. gxh6 Kh7 47. Kg3 Kg6 48. Kf3 Kxf7 49. Ke4 Nf6+ 50. Kd3 Nd5 51. Bc1 Nb4+ 52. Kxc3 Na2+ 53. Kc2 Nxc1 54. Kxc1 Kg6 55. Kd2 Kxh6 56. Ke3 Kg5 57. Ke4 Kf6 58. f4 exf4 59. Kxf4 1/2-1/2

[Event "Chicago op 32nd"]
[Site "Chicago"]
[Date "2023.05.28"]
[Round "7"]
[White "Huston, Gus"]
[Black "Ladan, Nicholas John"]
[Result "1/2-1/2"]
[WhiteElo "2347"]
[BlackElo "2228"]
[PlyCount "61"]
[EventDate "2023.05.25"]
[EventType "swiss"]
[EventRounds "9"]
[EventCountry "USA"]
[SourceTitle "CBM 214 Extra"]
[Source "ChessBase"]
[SourceDate "2023.07.31"]
[SourceVersion "1"]
[SourceVersionDate "2023.07.31"]
[SourceQuality "1"]

1. d4 d5 2. c4 c6 3. Nf3 Nf6 4. e3 a6 5. Nbd2 Bf5 6. Be2 e6 7. 0-0 Bd6 8. Nh4 Bg6 9. h3 0-0 10. Nxg6 hxg6 11. b3 c5 12. dxc5 Bxc5 13. Nf3 Nc6 14. Bb2 dxc4 15. Qxd8 Rfxd8 16. Bxc4 Nb4 17. Rfc1 Be7 18. Nd4 Ne4 19. a3 Nd5 20. Bxd5 Rxd5 21. Rc7 Bf6 22. b4 Nd6 23. a4 b5 24. Rd7 Kf8 25. axb5 Nxb5 26. Rxd5 exd5 27. g4 Kg8 28. Rd1 Nxd4 29. Bxd4 Bxd4 30. Rxd4 Rb8 31. Rxd5 1/2-1/2

[Event "Chicago op 32nd"]
[Site "Chicago"]
[Date "2023.05.26"]
[Round "3"]
[White "Corrales Jimenez, Fidel"]
[Black "Huston, Gus"]
[Result "1-0"]
[WhiteElo "2489"]
[BlackElo "2347"]
[PlyCount "128"]
[EventDate "2023.05.25"]
[EventType "swiss"]
[EventRounds "9"]
[EventCountry "USA"]
[SourceTitle "CBM 214 Extra"]
[Source "ChessBase"]
[SourceDate "2023.07.31"]
[SourceVersion "1"]
[SourceVersionDate "2023.07.31"]
[SourceQuality "1"]

1. e4 c5 2. Nf3 d6 3. d4 cxd4 4. Nxd4 Nf6 5. Nc3 Nc6 6. Bg5 g6 7. Bxf6 exf6 8. Bb5 Bd7 9. Nb3 a6 10. Be2 Be6 11. Qd2 Bg7 12. Rd1 f5 13. exf5 Bxf5 14. Nd5 0-0 15. c3 Re8 16. 0-0 Be6 17. Ne3 a5 18. Bc4 a4 19. Bxe6 fxe6 20. Nd4 Nxd4 21. cxd4 Qb6 22. d5 Qxb2 23. Qxb2 Bxb2 24. Nc4 a3 25. Nxd6 Re7 26. Rfe1 Rd8 27. dxe6 Bc3 28. Ne4 Rxd1 29. Rxd1 Ba5 30. Rd3 Rxe6 31. f3 Rc6 32. Rxa3 Bb6+ 33. Kf1 Rc1+ 34. Ke2 Rc2+ 35. Nd2 Bc5 36. Ra8+ Kg7 37. Kd3 Rb2 38. g4 Be7 39. f4 h5 40. g5 Kf7 41. h4 Ke6 42. Kc3 Rb6 43. Nc4 Rc6 44. Kd4 Kf5 45. Ne3+ Ke6 46. Ke4 Bd6 47. Rh8 Ra6 48. Rh6 Ra4+ 49. Kd3 Ra3+ 50. Ke2 Bxf4 51. Rxg6+ Kd7 52. Nf5 Be5 53. Rh6 b5 54. Rb6 Rxa2+ 55. Kd3 Rg2 56. Ke4 Bc7 57. Rxb5 Rg4+ 58. Kd3 Bf4 59. Rb4 Kc6 60. Rc4+ Kd7 61. Rd4+ Ke6 62. Ng7+ Kf7 63. Nxh5 Rxh4 64. Rxf4+ Ke8 1-0

[Event "Los Angeles 1000GM Spring op"]
[Site "Los Angeles"]
[Date "2023.03.21"]
[Round "8"]
[White "Huston, Gus"]
[Black "Chiang, Jacob"]
[Result "1-0"]
[WhiteElo "2339"]
[BlackElo "2042"]
[PlyCount "127"]
[EventDate "2023.03.17"]
[EventType "swiss"]
[EventRounds "9"]
[EventCountry "USA"]
[SourceTitle "CBM 213 Extra"]
[Source "ChessBase"]
[SourceDate "2023.05.31"]
[SourceVersion "1"]
[SourceVersionDate "2023.05.31"]
[SourceQuality "1"]

1. e4 c5 2. Nf3 Nc6 3. d4 cxd4 4. Nxd4 Nf6 5. Nc3 d6 6. Bg5 g6 7. Bxf6 exf6 8. Bb5 Bd7 9. Qd2 Bg7 10. 0-0-0 0-0 11. Nb3 Be6 12. Qxd6 Qb6 13. Qc5 f5 14. Bxc6 bxc6 15. exf5 Bxf5 16. Qxb6 axb6 17. Nd4 Rfe8 18. Kb1 Bd7 19. Rd2 Ra7 20. Rhd1 h5 21. f3 Re7 22. Re2 Kf8 23. Rxe7 Kxe7 24. a3 Ra5 25. h3 h4 26. f4 f5 27. Nf3 Bf6 28. Rd3 Be6 29. Kc1 Rc5 30. Re3 Rc4 31. Ne2 Re4 32. Rxe4 fxe4 33. Ng5 Bc4 34. Kd2 Bxb2 35. a4 Ba3 36. Nxe4 Bd5 37. Ke3 c5 38. c3 Bc6 39. Nd2 c4 40. Nxc4 Bc5+ 41. Nd4 Bxg2 42. Ne5 Kf6 43. Nd7+ Ke7 44. Nxc5 bxc5 45. Nf3 Bxh3 46. Nxh4 Kf6 47. Nf3 Bd7 48. a5 Bb5 49. Ng5 Ke7 50. Ne4 Ke6 51. a6 Bc6 52. Nxc5+ Kd5 53. Nd3 Ba8 54. Ne5 g5 55. fxg5 Kxe5 56. c4 Kf5 57. Kd4 Kxg5 58. Ke5 Kg6 59. Ke6 Kg7 60. Ke7 Kg6 61. c5 Kf5 62. Kd6 Kf6 63. c6 Bxc6 64. Kxc6 1-0

[Event "New York Marshall Winter IM"]
[Site "New York"]
[Date "2023.02.22"]
[Round "1"]
[White "Huston, Gus"]
[Black "Tanenbaum, Zachary Chen"]
[Result "1-0"]
[WhiteElo "2285"]
[BlackElo "2244"]
[PlyCount "123"]
[EventDate "2023.02.22"]
[EventType "tourn"]
[EventRounds "9"]
[EventCountry "USA"]
[EventCategory "1"]
[SourceTitle "CBM 212 Extra"]
[Source "ChessBase"]
[SourceDate "2023.03.31"]
[SourceVersion "1"]
[SourceVersionDate "2023.03.31"]
[SourceQuality "1"]

1. e4 e5 2. Nf3 Nc6 3. Bc4 Nf6 4. d3 Be7 5. 0-0 0-0 6. Re1 d6 7. a4 Be6 8. Nbd2 h6 9. c3 a6 10. Bxe6 fxe6 11. b4 Qe8 12. Qb3 Qf7 13. Bb2 Nh5 14. b5 axb5 15. axb5 Rxa1 16. Rxa1 Nd8 17. Qd1 g5 18. Qf1 g4 19. Ne1 Qg6 20. g3 Nf7 21. Qe2 Ng5 22. Qxg4 Rf4 23. Qe2 Nh3+ 24. Kg2 Rxf2+ 25. Qxf2 N5f4+ 26. Kf1 Nxf2 27. Kxf2 Qh5 28. Ndf3 Nh3+ 29. Kg2 d5 30. Ra8+ Kf7 31. c4 d4 32. Rc8 Bb4 33. Nc2 Ba5 34. Ra8 Bd2 35. Ba3 Be3 36. Nce1 Kg7 37. Rc8 Bd2 38. Rxc7+ Kg8 39. Rc8+ Kg7 40. Nc2 Ng5 41. Rc7+ Kg8 42. Rc8+ Kg7 43. Rc7+ Kg8 44. Rc8+ Kf7 45. Rf8+ Kg7 46. h4 Nxf3 47. Rxf3 Ba5 48. Bd6 Kg8 49. c5 Kh7 50. c6 bxc6 51. bxc6 Qe8 52. Bxe5 Qxc6 53. Nxd4 Qd7 54. Rf8 h5 55. Nf3 Bd8 56. g4 Qxd3 57. gxh5 Qe2+ 58. Kg3 Bxh4+ 59. Kxh4 Qf2+ 60. Kg4 Qg2+ 61. Kf4 Qg5+ 62. Nxg5+ 1-0

[Event "New York Winter GM-C"]
[Site "New York"]
[Date "2023.01.16"]
[Round "9"]
[White "Hardaway, Brewington"]
[Black "Huston, Gus"]
[Result "1-0"]
[WhiteElo "2345"]
[BlackElo "2253"]
[PlyCount "127"]
[EventDate "2023.01.12"]
[EventType "tourn"]
[EventRounds "9"]
[EventCountry "USA"]
[EventCategory "4"]
[SourceTitle "CBM 212 Extra"]
[Source "ChessBase"]
[SourceDate "2023.03.31"]
[SourceVersion "1"]
[SourceVersionDate "2023.03.31"]
[SourceQuality "1"]

1. e4 e5 2. Nf3 Nc6 3. Bb5 a6 4. Ba4 Nf6 5. d3 d6 6. c3 g6 7. 0-0 b5 8. Bc2 Bg7 9. Re1 0-0 10. Nbd2 Bb7 11. Nf1 Re8 12. Bg5 Nb8 13. Ne3 h6 14. Bh4 Nbd7 15. h3 Qc8 16. Nh2 d5 17. Qf3 dxe4 18. dxe4 c5 19. Rad1 Qc6 20. Nhg4 Nxg4 21. Nxg4 h5 22. Ne3 Nf6 23. Nd5 Nxd5 24. exd5 Qd6 25. g4 hxg4 26. hxg4 Bf8 27. Kg2 Be7 28. Bg3 Bg5 29. b3 c4 30. bxc4 bxc4 31. Ba4 Re6 32. Kg1 Rf6 33. Bxe5 Qxe5 34. Rxe5 Rxf3 35. Rxg5 Rd8 36. Re5 Rd6 37. Re3 Rxe3 38. fxe3 Rxd5 39. Rd4 Rc5 40. Kf2 Bd5 41. Bd1 Be6 42. Kf3 Kg7 43. Rd6 a5 44. a4 Kf6 45. Kf4 Rd5 46. Rxd5 Bxd5 47. g5+ Ke6 48. e4 Bc6 49. e5 Bg2 50. Bg4+ Kd5 51. Bd7 Kc5 52. e6 fxe6 53. Ke5 Bd5 54. Be8 Kb6 55. Bxg6 Kc7 56. Kf6 Kd6 57. Bf7 Be4 58. g6 e5 59. g7 Bh7 60. g8Q Bxg8 61. Bxg8 e4 62. Bxc4 e3 63. Kf5 Kc5 64. Be2 1-0

[Event "New York Winter GM-C"]
[Site "New York"]
[Date "2023.01.13"]
[Round "2"]
[White "Dukic, Zachary"]
[Black "Huston, Gus"]
[Result "1-0"]
[WhiteElo "2226"]
[BlackElo "2253"]
[PlyCount "109"]
[EventDate "2023.01.12"]
[EventType "tourn"]
[EventRounds "9"]
[EventCountry "USA"]
[EventCategory "4"]
[SourceTitle "CBM 212 Extra"]
[Source "ChessBase"]
[SourceDate "2023.03.31"]
[SourceVersion "1"]
[SourceVersionDate "2023.03.31"]
[SourceQuality "1"]

1. e4 e5 2. Nf3 Nc6 3. Bb5 a6 4. Ba4 d6 5. c4 Bg4 6. h3 Bxf3 7. Qxf3 Nf6 8. d3 Be7 9. Be3 0-0 10. 0-0 Nd7 11. Nd2 Nb4 12. d4 b5 13. Bb3 exd4 14. Bxd4 Nc6 15. Be3 Bf6 16. cxb5 axb5 17. Bd5 Nce5 18. Qe2 c6 19. Bb3 Nc5 20. Bxc5 dxc5 21. f4 Nd3 22. Kh1 c4 23. e5 Be7 24. Bc2 Qd4 25. Ne4 Nxb2 26. Rad1 Nd3 27. Bxd3 cxd3 28. Rxd3 Rxa2 29. Qf3 Qc4 30. f5 Rd8 31. Rxd8+ Bxd8 32. Rd1 Bc7 33. e6 fxe6 34. fxe6 Qxe6 35. Ng5 Qc4 36. Qh5 Rf2 37. Qxh7+ Kf8 38. Qh8+ Qg8 39. Ne6+ Kf7 40. Ng5+ Kf8 41. Ne6+ Kf7 42. Qxg8+ Kxg8 43. Nxc7 Kf7 44. Rd7+ Kg6 45. Ne8 Re2 46. Rxg7+ Kh6 47. Rg8 b4 48. Nf6 Re6 49. Ng4+ Kh5 50. Rb8 c5 51. Rb5 Kh4 52. Kh2 Rc6 53. Ne5 Rc8 54. Nd3 c4 55. g3# 1-0

[Event "New York Winter GM-C"]
[Site "New York"]
[Date "2023.01.13"]
[Round "3"]
[White "Huston, Gus"]
[Black "Yudasin, Leonid"]
[Result "1/2-1/2"]
[WhiteElo "2253"]
[BlackElo "2393"]
[PlyCount "93"]
[EventDate "2023.01.12"]
[EventType "tourn"]
[EventRounds "9"]
[EventCountry "USA"]
[EventCategory "4"]
[SourceTitle "CBM 212 Extra"]
[Source "ChessBase"]
[SourceDate "2023.03.31"]
[SourceVersion "1"]
[SourceVersionDate "2023.03.31"]
[SourceQuality "1"]

1. e4 c5 2. Nf3 d6 3. Bb5+ Bd7 4. Bxd7+ Qxd7 5. 0-0 Nc6 6. c3 Nf6 7. d4 Nxe4 8. d5 Ne5 9. Re1 Nxf3+ 10. Qxf3 Nf6 11. Na3 e5 12. dxe6 fxe6 13. Bf4 Be7 14. Rad1 0-0 15. Qe2 Rfe8 16. Qxe6+ Qxe6 17. Rxe6 Bf8 18. Rxe8 Rxe8 19. Kf1 a6 20. Nc2 Kf7 21. Ne3 Ke6 22. g4 g6 23. f3 Be7 24. Re1 Kd7 25. h3 Rf8 26. Bh2 b5 27. Kg2 Bd8 28. Rd1 Bc7 29. Bg3 Re8 30. Kf2 Kc6 31. b3 Rf8 32. Ke2 Re8 33. Kf2 Rf8 34. Ke2 Re8 35. c4 d5 36. Bxc7 Kxc7 37. cxd5 Kd6 38. Kf2 Re5 39. f4 Re4 40. Kf3 Rd4 41. Rxd4 cxd4 42. Nc2 d3 43. Nb4 d2 44. Ke2 a5 45. Nd3 Ne4 46. Ne5 Kxd5 47. Nf3 1/2-1/2

[Event "New York Fischer IM"]
[Site "New York"]
[Date "2022.09.04"]
[Round "6"]
[White "Huston, Gus"]
[Black "Lund, Silas Esben"]
[Result "1-0"]
[WhiteElo "2279"]
[BlackElo "2282"]
[PlyCount "51"]
[EventDate "2022.09.01"]
[EventType "tourn"]
[EventRounds "9"]
[EventCountry "USA"]
[SourceTitle "CBM 210 Extra"]
[Source "ChessBase"]
[SourceDate "2022.11.30"]
[SourceVersion "1"]
[SourceVersionDate "2022.11.30"]
[SourceQuality "1"]

1. e4 c5 2. Nf3 Nc6 3. Bb5 g6 4. 0-0 Bg7 5. Re1 e5 6. Nc3 Nge7 7. Nd5 0-0 8. d3 d6 9. Bc4 h6 10. c3 Kh7 11. Re3 Nxd5 12. exd5 Ne7 13. d4 exd4 14. cxd4 Nf5 15. dxc5 Nxe3 16. Bxe3 Bg4 17. c6 bxc6 18. dxc6 Bxb2 19. Rb1 Ba3 20. h3 Be6 21. Bxe6 fxe6 22. Rb7+ Kg8 23. Qd3 Qe8 24. Bxh6 Rf5 25. Qc3 e5 26. Qb3+ 1-0

[Event "New York Fischer IM"]
[Site "New York"]
[Date "2022.09.04"]
[Round "7"]
[White "Tanenbaum, Zachary Chen"]
[Black "Huston, Gus"]
[Result "0-1"]
[WhiteElo "2142"]
[BlackElo "2279"]
[PlyCount "70"]
[EventDate "2022.09.01"]
[EventType "tourn"]
[EventRounds "9"]
[EventCountry "USA"]
[SourceTitle "CBM 210 Extra"]
[Source "ChessBase"]
[SourceDate "2022.11.30"]
[SourceVersion "1"]
[SourceVersionDate "2022.11.30"]
[SourceQuality "1"]

1. e4 e5 2. Nf3 Nc6 3. Bc4 Bc5 4. c3 Nf6 5. d3 h6 6. Nbd2 0-0 7. a4 a5 8. Nf1 d6 9. Ng3 Be6 10. Bxe6 fxe6 11. 0-0 d5 12. h3 d4 13. cxd4 exd4 14. Qb3 Qd7 15. Bf4 g5 16. Bd2 b6 17. Nf5 Kh7 18. Nxh6 Kxh6 19. Nxg5 Bb4 20. Bc1 Rfe8 21. Nxe6+ Kh7 22. Ng5+ Kg7 23. f4 Nh7 24. Nxh7 Kxh7 25. f5 Rg8 26. f6 Rg6 27. Rf5 Bf8 28. Rd5 Qxh3 29. Rg5 Rxg5 30. Qf7+ Kh8 31. Bxg5 Qg4 32. Qxc7 Qxg5 33. Qxc6 Qe3+ 34. Kh1 Ra7 35. g3 Qxg3 0-1

[Event "New York Fischer IM"]
[Site "New York"]
[Date "2022.09.01"]
[Round "1"]
[White "Huston, Gus"]
[Black "Adewumi, Tanitoluwa"]
[Result "1/2-1/2"]
[WhiteElo "2279"]
[BlackElo "2269"]
[PlyCount "114"]
[EventDate "2022.09.01"]
[EventType "tourn"]
[EventRounds "9"]
[EventCountry "USA"]
[SourceTitle "CBM 210 Extra"]
[Source "ChessBase"]
[SourceDate "2022.11.30"]
[SourceVersion "1"]
[SourceVersionDate "2022.11.30"]
[SourceQuality "1"]

1. d4 Nf6 2. Nf3 e6 3. Bf4 c5 4. c3 Nc6 5. e3 d5 6. Nbd2 Bd6 7. Bg3 0-0 8. Bd3 Re8 9. Ne5 Ne7 10. 0-0 Nf5 11. Bf4 b6 12. g4 Ne7 13. g5 Bxe5 14. Bxe5 Nd7 15. Bg3 Ng6 16. f4 Ne7 17. Qf3 Nf8 18. h4 a5 19. Rf2 Ba6 20. Bc2 cxd4 21. exd4 Nf5 22. h5 Rc8 23. Re1 Qd7 24. Bb1 Rcd8 25. Qg2 f6 26. gxf6 Qf7 27. fxg7 Nd7 28. Qh3 Nf6 29. h6 Nh5 30. Bh4 Qg6+ 31. Kh2 Nf6 32. Bxf6 Qxf6 33. Bxf5 exf5 34. Re5 Re6 35. Rxf5 Qxh6 36. Rh5 Rdd6 37. Rxh6 Rxh6 38. Nf3 Rxh3+ 39. Kxh3 Kxg7 40. Ne5 Rh6+ 41. Kg3 Bc8 42. Rh2 Rf6 43. Rh5 h6 44. Ng4 Rg6 45. f5 Rg5 46. Rxg5+ hxg5 47. Ne3 Bb7 48. Kg4 Kf6 49. Nf1 Bc6 50. Ng3 Be8 51. c4 dxc4 52. Ne4+ Ke7 53. Kxg5 b5 54. d5 b4 55. d6+ Kd8 56. Kf4 a4 57. Nc5 b3 1/2-1/2